Megacities by Another Name - Statistics

General Stats
  • This quiz has been taken 23 times
  • The average score is 8 of 16
Answer Stats
Other Name Megacity % Correct
北京 Beijing
100%
Byzantium Istanbul
100%
Ciudad de México Mexico City
100%
मुंबई Mumbai
100%
Nieuw Nederlands New York City
100%
Cidade de São Sebastiãode Río de Janeiro Rio de Janeiro
100%
東京 Tokyo
100%
Москва Moscow
90%
Thành Phố Hồ Chí Minh Saigon
83%
Nuestra Señora Santa María del Buen Ayre Buenos Aires
80%
दिल्ली Delhi
67%
廣州 Guangzhou
67%
Léopoldville Kinshasa
67%
서울 Seoul
67%
تهران Tehran
67%
กรุงเทพฯ Bangkok
60%
Lutetia Paris
56%
बेंगलुरु Bengaluru
50%
Santa Fé de Bacatá Bogotá
50%
ঢাকা Dhaka
50%
Eko Lagos
50%
Lundenwic London
50%
El Pueblo de Nuestra Señora
la Reina de los Ángeles del Río Porciúncula
Los Angeles
50%
Piratininga São Paulo
50%
沪渎 Shanghai
50%
重庆 Chongqing
40%
杭州 Hangzhou
40%
Ciudad de los Reyes Lima
40%
成都 Chengdu
33%
चेन्नई Chennai
33%
کراچی Karachi
33%
कोलकाता Kolkata
33%
名古屋 Nagoya
33%
台北 Taipei
33%
武汉 Wuhan
33%
西安 Xían
33%
لاهور Lahore
22%
हैदराबाद Hyderabad
20%
Maynilad Manila
17%
大阪 Osaka
17%
廈門 Xiàmén
17%
漳州 Zhengzhou
14%
Jozi Johannesburg
11%
अहमदाबाद Ahmedabad
0%
القاهرة Cairo
0%
长沙 Changsha
0%
Batavia Jakarta
0%
天健 Tianjian
0%
No matching quizzes found
Score Distribution
Percent of People with Each Score
Percentile by Number Answered
Your Score History
You have not taken this quiz